| 000 | 00948nam a22002897a 4500 | ||
|---|---|---|---|
| 005 | 20150323125421.0 | ||
| 008 | 150323b xxu||||| |||| 00| 0 eng d | ||
| 020 | _a9780071813501 | ||
| 020 | _a0071813500 | ||
| 040 | _aEG-ScBUE | ||
| 082 | 0 | 0 |
_222 _a615.1076 _bPHA |
| 245 | 0 | 0 |
_aPharmacology : _bexamination & board review / _cAnthony J. Trevor ... [et al.] |
| 246 | 3 | 4 | _aKatzung & Trevor's pharmacology |
| 246 | 3 | 0 | _aPharmacology |
| 246 | 3 |
_aKatzung and Trevor's pharmacology : _bexamination and board review / |
|
| 250 | _a10th ed. | ||
| 260 |
_aNew York : _bMcGraw Hill Medical, _cc.2013. |
||
| 300 |
_avi, 646 p. : _bill. (col.) ; _c28 cm. |
||
| 500 | _a"A Lange medical book." | ||
| 500 | _aIncludes appendixes. | ||
| 500 | _aIndex : p. 581-646. | ||
| 650 | 0 |
_936103 _aPharmacology _vExaminations, questions, etc. |
|
| 653 |
_bPPhrm _cMarch2015 |
||
| 655 |
_vreading book _934232 |
||
| 700 | 1 | _aTrevor, Anthony J. | |
| 942 | _2ddc | ||
| 999 |
_c19102 _d19074 |
||